LEADER 00955nam0 22002291i 450 001 UON00197758 005 20231205103240.461 100 $a20030730d1976 |0itac50 ba 101 $aita 102 $aIT 105 $a|||| ||||| 200 1 $aˆLe ‰ negoziazioni delle imprese industriali sui mercati internazionali delle materie prime$eil mercato del rame$fDario Velo 210 $aMilano$cGiuffrè$d1976. 110 p. ; 25 cm. 620 $aIT$dMilano$3UONL000005 700 1$aVelo$bDario$3UONV104503$0464577 712 $aGiuffrè$3UONV257275$4650 801 $aIT$bSOL$c20250307$gRICA 899 $aSIBA - SISTEMA BIBLIOTECARIO DI ATENEO$2UONSI 912 $aUON00197758 950 $aSIBA - SISTEMA BIBLIOTECARIO DI ATENEO$dSI O 0233 $eSI SC 252 5 0233 996 $aNegoziazioni delle imprese industriali sui mercati internazionali delle materie prime$9974705 997 $aUNIOR LEADER 03690oas 2201285 a 450 001 9910134416203321 005 20260218110336.0 011 $a2159-9610 035 $a(OCoLC)60615598 035 $a(CONSER)sn2006001006 035 $a(CKB)954925420087 035 $a(DE-599)ZDB2156120-5 035 $a(MiAaPQ)40702 035 $a(DE-599)2156120-5 035 $a(EXLCZ)99954925420087 100 $a20050614a19579999 uy a 101 0 $aeng 135 $aur||||||||||| 181 $ctxt$2rdacontent 182 $cc$2rdamedia 183 $acr$2rdacarrier 200 00$aLibrary resources & technical services 210 $a[Chicago] $c[American Library Association] 215 $a1 online resource 300 $aRefereed/Peer-reviewed 311 08$a0024-2527 517 1 $aLibrary resources and technical services 517 1 $aLRTS 606 $aLibrary science$vPeriodicals 606 $aTechnical services (Libraries)$vPeriodicals 606 $aTechnical services (Libraries) 606 $aLibrary science 606 $aLibrary Technical Services 606 $aLibrary Science 606 $aLibrary Science$vPeriodicals 606 $aLibrary Technical Services$vPeriodicals 606 $aBibliothe?conomie$vPe?riodiques 606 $aTraitement (Bibliothe?ques)$vPe?riodiques 606 $aTraitement (Bibliothe?ques) 606 $aBibliothe?conomie 606 $alibrary science$2aat 606 $aLibrary science$2fast$3(OCoLC)fst00997916 606 $aTechnical services (Libraries)$2fast$3(OCoLC)fst01144959 606 $aDocumentaire informatie$2gtt 606 $aBIBLIOTECOLOGIA$xPUBLICACIONES PERIODICAS$2renib 606 $aLIBRARY COLLECTIONS$2unbist 606 $aTECHNICAL SERVICES (LIBRARIES)$2unbist 606 $aUNITED STATES$2unbist 608 $aPeriodical. 608 $aPeriodicals.$2fast 615 0$aLibrary science 615 0$aTechnical services (Libraries) 615 0$aTechnical services (Libraries) 615 0$aLibrary science. 615 2$aLibrary Technical Services. 615 2$aLibrary Science. 615 2$aLibrary Science 615 2$aLibrary Technical Services 615 6$aBibliothe?conomie 615 6$aTraitement (Bibliothe?ques) 615 6$aTraitement (Bibliothe?ques) 615 6$aBibliothe?conomie. 615 7$alibrary science. 615 7$aLibrary science. 615 7$aTechnical services (Libraries) 615 17$aDocumentaire informatie. 615 7$aBIBLIOTECOLOGIA$xPUBLICACIONES PERIODICAS. 615 7$aLIBRARY COLLECTIONS. 615 7$aTECHNICAL SERVICES (LIBRARIES) 615 7$aUNITED STATES. 676 $a025 676 $a025.06273 712 02$aAmerican Library Association.$bResources and Technical Services Division. 712 02$aAssociation for Library Collections & Technical Services 801 0$bOCLCS 801 1$bOCLCS 801 2$bOCLCQ 801 2$bOCLCE 801 2$bDLC 801 2$bMUX 801 2$bCSU 801 2$bOCLCQ 801 2$bTXA 801 2$bOCLCF 801 2$bOCLCO 801 2$bCUS 801 2$bIUL 801 2$bUKBOL 801 2$bOCLCQ 801 2$bOCLCO 801 2$bOCLCQ 801 2$bVT2 801 2$bOCLCO 801 2$bOCLCA 801 2$bBUF 801 2$bCUS 801 2$bAU@ 801 2$bOCLCO 801 2$bOCLCA 801 2$bOCLCQ 801 2$bOCLCO 801 2$bOCLCQ 801 2$bUAB 801 2$bDLC 801 2$bCUS 801 2$bOCLCL 906 $aJOURNAL 912 $a9910134416203321 996 $aLibrary resources & technical services$9976646 997 $aUNINA